000
00277nam a22001337a 4500
003
SGT
082
_a
610.7362
_b
P16S
100
_a
SRIVASTAVA, R.N.
245
_a
PEDIATRIC NEPHROLOGY
250
_a
6TH
260
_a
INDIA
_b
JAYPEE
_c
2016
300
_a
600
942
_2
ddc
_c
BK
999
_c
15219
_d
15219